|
|
|
|
| LEADER |
00000cam a22000004a 4500 |
| 001 |
musev2_97698 |
| 003 |
MdBmJHUP |
| 005 |
20230905053248.0 |
| 006 |
m o d |
| 007 |
cr||||||||nn|n |
| 008 |
210604s2022 nyu o 00 0 eng d |
| 010 |
|
|
|z 2021026425
|
| 020 |
|
|
|a 9781501716454
|
| 020 |
|
|
|z 9781501716430
|
| 020 |
|
|
|z 9781501716447
|
| 035 |
|
|
|a (OCoLC)1285369184
|
| 040 |
|
|
|a MdBmJHUP
|c MdBmJHUP
|
| 100 |
1 |
|
|a Sammartino, Annemarie,
|e author.
|
| 245 |
1 |
0 |
|a Freedomland :
|b Co-op City and the Story of New York /
|c Annemarie H. Sammartino.
|
| 264 |
|
1 |
|a Ithaca [New York] :
|b Cornell University Press,
|c 2022.
|
| 264 |
|
3 |
|a Baltimore, Md. :
|b Project MUSE,
|c 2022
|
| 264 |
|
4 |
|c ©2022.
|
| 300 |
|
|
|a 1 online resource (320 pages).
|
| 336 |
|
|
|a text
|b txt
|2 rdacontent
|
| 337 |
|
|
|a computer
|b c
|2 rdamedia
|
| 338 |
|
|
|a online resource
|b cr
|2 rdacarrier
|
| 505 |
0 |
|
|a Introduction: Co-op City and the story of New York -- "The world's greatest housing cooperative": building a new cooperative, 1965-1968 -- "Everyone was seeking a Utopia": building a community, 1969-1973 -- "We remember picket lines": cooperator militancy, 1970-1974 -- "No way, we won't pay": the rent strike years, 1975-1976 -- "We inherited a mess!": after the rent strike, 1977-1981 -- "Co-op City is the Bronx": a middle-class community, 1982-1993 -- "The biggest housing bargain in town": achieving financial stability, 1981-1993 -- Epilogue: Freedomland today.
|
| 520 |
|
|
|a "Tells the story of the 35 towers and 236 townhouses of Co-op City in the Bronx from the perspective of the men and women who dreamed it and built it, and of the ordinary people who lived there"--
|c Provided by publisher.
|
| 588 |
|
|
|a Description based on print version record.
|
| 610 |
2 |
0 |
|a Co-op City (New York, N.Y.)
|x History.
|
| 650 |
|
7 |
|a Housing, Cooperative.
|2 fast
|0 (OCoLC)fst00962508
|
| 650 |
|
0 |
|a Housing, Cooperative
|z New York (State)
|z Bronx County
|x History
|y 20th century.
|
| 651 |
|
7 |
|a New York (State)
|z Bronx County.
|2 fast
|0 (OCoLC)fst01246823
|
| 655 |
|
7 |
|a History.
|2 fast
|0 (OCoLC)fst01411628
|
| 655 |
|
7 |
|a Electronic books.
|2 local
|
| 710 |
2 |
|
|a Project Muse.
|e distributor
|
| 830 |
|
0 |
|a Book collections on Project MUSE.
|
| 856 |
4 |
0 |
|z Texto completo
|u https://projectmuse.uam.elogim.com/book/97698/
|
| 945 |
|
|
|a Project MUSE - Custom Collection
|
| 945 |
|
|
|a Project MUSE - 2022 US Regional Studies, New England and Mid Atlantic
|
| 945 |
|
|
|a Project MUSE - 2022 Complete
|